🔮 Purple Map Quiz - Name Oceania Countries - Statistics

General Stats
  • This quiz has been taken 52 times
  • The average score is 13 of 14
Answers on the Map
Answers color-coded by a green-red scale on the quiz's map according to % correct below.
 
Answer Stats
Answer % Correct
Australia
100%
New Zealand
100%
Fiji
97%
F.S. Micronesia
95%
Kiribati
95%
Papua New Guinea
95%
Samoa
95%
Tuvalu
95%
Marshall Islands
92%
Nauru
92%
Solomon Islands
92%
Tonga
92%
Palau
89%
Vanuatu
89%
No matching quizzes found
Score Distribution
Percent of People with Each Score
Percentile by Number Answered
Your Score History
You have not taken this quiz